| 000 | 00394nam a2200157Ia 4500 | ||
|---|---|---|---|
| 008 | 230312s9999||||xx |||||||||||||| ||und|| | ||
| 020 | _a0-03-075382-1 | ||
| 082 |
_a339 _bGRE-M |
||
| 100 | _aGreen Steven L. | ||
| 245 | 0 | _aMACROECONOMICS | |
| 260 |
_bThe Dryden Press _aNew York _c1993 |
||
| 300 | _a706 | ||
| 546 | _aEng. | ||
| 650 |
_aEconomics _vPreliminaries , Using The Model |
||
| 942 | _cBK | ||
| 999 |
_c2235 _d2235 |
||